ਕਥਾਕਾਰ / (Record no. 110386)

MARC details
000 -LEADER
fixed length control field 01182nam a22002657a 4500
005 - DATE AND TIME OF LATEST TRANSACTION
control field 20170123164151.0
010 ## - LIBRARY OF CONGRESS CONTROL NUMBER
LC control number B-123912
020 ## - INTERNATIONAL STANDARD BOOK NUMBER
Terms of availability 300.00
International Standard Book Number 8171163955
035 ## - SYSTEM CONTROL NUMBER
System control number B-123912
037 ## - SOURCE OF ACQUISITION
Source of stock number/acquisition Cen Lib / Ret
040 ## - CATALOGING SOURCE
Original cataloging agency DPL
Language of cataloging PN
082 ## - DEWEY DECIMAL CLASSIFICATION NUMBER
Classification number 850.8
Item number ਰਵਿੰਦ
100 ## - MAIN ENTRY--PERSONAL NAME
Personal name ਰਵਿੰਦਰ ਰਾਵੀ
9 (RLIN) 126762
245 ## - TITLE STATEMENT
Title ਕਥਾਕਾਰ /
Statement of responsibility, etc ਰਵਿੰਦਰ ਰਾਵੀ ; ਸੰਪਾਦਕ ਗੁਰੂਮੇਲ
Remainder of title ਕਹਾਨੀ ਸੰਗ੍ਰਹਿ /
246 ## - VARYING FORM OF TITLE
Title proper/short title Kathaakaar : short stories /
Remainder of title by Ravinder Ravi ; edited by Gurumel
260 ## - PUBLICATION, DISTRIBUTION, ETC. (IMPRINT)
Place of publication, distribution, etc ਦਿੱਲੀ
Name of publisher, distributor, etc ਨੈਸ਼ਨਲ਼ ਬੂਕ ਸ਼ਾਪ
Date of publication, distribution, etc 2005
270 ## - ADDRESS
Address ਪ੍ਲੇਆਸੁਰ ਗਾਰਡਨ ਮਾਰਕਿਟ, ਚਾਂਦਨੀ ਚੋਕ ਦਿੱਲੀ
City ਦਿੱਲੀ
Postal code 110006
300 ## - PHYSICAL DESCRIPTION
Extent 303p.
Dimensions 21cm(pbk)
650 ## - SUBJECT ADDED ENTRY--TOPICAL TERM
Topical term or geographic name as entry element ਪੰਜਾਬੀ ਸਾਹਿਤ
9 (RLIN) 126763
650 ## - SUBJECT ADDED ENTRY--TOPICAL TERM
Topical term or geographic name as entry element ਪੰਜਾਬੀ ਕਹਾਣੀਆਂ
9 (RLIN) 126764
650 ## - SUBJECT ADDED ENTRY--TOPICAL TERM
Topical term or geographic name as entry element ਪੰਜਾਬੀ - ਸਾਹਿਤ
9 (RLIN) 126765
650 ## - SUBJECT ADDED ENTRY--TOPICAL TERM
Topical term or geographic name as entry element Punjabi Literature-Fiction
9 (RLIN) 9827
700 ## - ADDED ENTRY--PERSONAL NAME
Personal name ਗੁਰੂਮੇਲ
9 (RLIN) 126766
942 ## - ADDED ENTRY ELEMENTS (KOHA)
Source of classification or shelving scheme Dewey Decimal Classification
Koha item type Punjabi Bks
Classification part 850.8
Call number suffix ਰਵਿੰਦ
Holdings
Withdrawn status Lost status Damaged status Not for loan Home library Current library Date acquired Source of acquisition Cost, normal purchase price Total Checkouts Full call number Barcode Date last seen Copy number Cost, replacement price Price effective from Koha item type
        Central Library Central Library 21/01/2016 Cen Lib/Ret 300.00   850.8 ਰਵਿੰਦ B-123912 21/01/2016 1 300.00 21/01/2016 Punjabi Bks

© Delhi Public Library
Hit Counter
free hit counter